[Event "Alegre op"]
[Site "Alegre"]
[Date "2024.03.09"]
[Round "2"]
[White "Da Silva, Anderson Batista Br"]
[Black "Petry, Jesus Brignol"]
[Result "1-0"]
[WhiteElo "1817"]
[BlackElo "1800"]
[PlyCount "73"]
[EventDate "2024.03.08"]
[EventType "swiss"]
[EventRounds "5"]
[EventCountry "BRA"]
[SourceTitle "CB12_2024"]
[SourceDate "2023.10.01"]
[SourceVersion "1"]
[SourceVersionDate "2023.10.01"]
[SourceQuality "1"]

1. d4 Nf6 2. c4 e6 3. Nf3 c5 4. d5 d6 5. g3 e5 6. Bg2 h6 7. Nc3 Bf5 8. 0-0 Be7 9. Qa4+ Qd7 10. Qxd7+ Nbxd7 11. Nh4 Bh7 12. Bd2 0-0 13. a4 a6 14. a5 Rfe8 15. e4 Rab8 16. Nf5 Bf8 17. Na4 Kh8 18. Rfb1 Ng8 19. b4 Rec8 20. bxc5 Nxc5 21. Nxc5 Rxc5 22. Bb4 g6 23. Bxc5 gxf5 24. Ba7 Rc8 25. Rxb7 Kg7 26. Bf1 fxe4 27. Be3 Ne7 28. Rab1 Nf5 29. Ra7 Nxe3 30. fxe3 Bf5 31. Rbb7 Bg6 32. Rxa6 Kf6 33. Rab6 Rc5 34. Rb5 Rc8 35. Rb8 Bf5 36. a6 Be7 37. Rxc8 1-0

[Event "Porto Alegre Metropole op"]
[Site "Porto Alegre"]
[Date "2018.05.06"]
[Round "4"]
[White "Pereira, Armando Scharlau"]
[Black "Da Silva, Anderson Batista Br"]
[Result "1/2-1/2"]
[WhiteElo "1751"]
[BlackElo "1512"]
[PlyCount "63"]
[EventDate "2018.05.04"]
[EventType "swiss"]
[EventRounds "5"]
[EventCountry "BRA"]
[SourceTitle "CBM 184 Extra"]
[Source "ChessBase"]
[SourceDate "2018.06.28"]
[SourceVersion "1"]
[SourceVersionDate "2018.06.28"]
[SourceQuality "1"]

1. c4 e5 2. Nc3 Nf6 3. d3 d5 4. cxd5 Nxd5 5. Nf3 Nc6 6. g3 Be7 7. Bg2 Nb6 8. 0-0 Be6 9. Bd2 f6 10. Qb1 Qd7 11. Rc1 Bh3 12. Bh1 g5 13. Ne4 h5 14. Nc5 Bxc5 15. Rxc5 h4 16. d4 Bf5 17. e4 hxg3 18. fxg3 Nxd4 19. Be3 Nxf3+ 20. Bxf3 Be6 21. Qc2 0-0-0 22. Rc1 c6 23. b3 Qd3 24. Qf2 g4 25. Bg2 Rh7 26. Ra5 Kb8 27. Rxa7 Kxa7 28. Bxb6+ Kb8 29. Bxd8 Qxd8 30. Bf1 Rd7 31. Rc2 Rd4 32. Qe3 1/2-1/2

[Event "Porto Alegre Metropole op"]
[Site "Porto Alegre"]
[Date "2018.05.04"]
[Round "1"]
[White "Da Silva, Anderson Batista Br"]
[Black "Gomes, Homero Araujo"]
[Result "1-0"]
[WhiteElo "1512"]
[BlackElo "1589"]
[PlyCount "91"]
[EventDate "2018.05.04"]
[EventType "swiss"]
[EventRounds "5"]
[EventCountry "BRA"]
[SourceTitle "CBM 184 Extra"]
[Source "ChessBase"]
[SourceDate "2018.06.28"]
[SourceVersion "1"]
[SourceVersionDate "2018.06.28"]
[SourceQuality "1"]

1. d4 Nf6 2. c4 e6 3. Nf3 d5 4. Nc3 a6 5. a4 Be7 6. e3 Nbd7 7. cxd5 exd5 8. Bd3 c5 9. 0-0 c4 10. Bc2 Qc7 11. Re1 0-0 12. e4 Bb4 13. exd5 Bxc3 14. bxc3 Nxd5 15. Qd2 N7f6 16. Ba3 Rd8 17. Re4 Be6 18. Rae1 a5 19. Ng5 Bd7 20. R4e2 h6 21. Ne4 Nxe4 22. Rxe4 Bf5 23. R4e2 Bxc2 24. Qxc2 Qf4 25. Bc1 Qc7 26. Bd2 Nf6 27. Qf5 Rd5 28. Qf3 Rh5 29. Bf4 Qc8 30. Be5 Rf5 31. Qg3 Rg5 32. Qf4 Rf5 33. Qd2 Rg5 34. f3 Qf5 35. Bg3 h5 36. Re5 Qd7 37. Qxg5 Qxa4 38. R5e3 Qc6 39. Be5 Qd5 40. Bxf6 Qxg5 41. Bxg5 Kh7 42. Re7 Kg6 43. Bd2 a4 44. Rxb7 a3 45. Ra1 a2 46. Rb2 1-0

[Event "Porto Alegre Oncosinos op"]
[Site "Porto Alegre"]
[Date "2016.11.25"]
[Round "1"]
[White "Da Silva, Anderson Batista Br"]
[Black "Perondi, Rodolfo Antonio"]
[Result "1/2-1/2"]
[WhiteElo "1479"]
[BlackElo "1886"]
[PlyCount "87"]
[EventDate "2016.11.25"]
[EventType "swiss"]
[EventRounds "5"]
[EventCountry "BRA"]
[SourceTitle "CBM 175 Extra"]
[Source "ChessBase"]
[SourceDate "2016.12.12"]
[SourceVersion "1"]
[SourceVersionDate "2016.12.12"]
[SourceQuality "1"]

1. Nf3 Nf6 2. d4 c5 3. e3 Nc6 4. d5 Nb4 5. c4 d6 6. Nc3 Bf5 7. Qa4+ Qd7 8. Qxd7+ Kxd7 9. Kd2 h6 10. a3 Na6 11. Bd3 Bxd3 12. Kxd3 g5 13. b3 Bg7 14. Bb2 Ng4 15. Rhf1 Nc7 16. h3 Ne5+ 17. Nxe5+ Bxe5 18. f4 gxf4 19. exf4 Bf6 20. f5 b5 21. Rab1 Rhg8 22. g4 h5 23. Rg1 Bd4 24. Rg2 bxc4+ 25. bxc4 Rab8 26. Kc2 Rg7 27. Ne4 Bxb2 28. Rxb2 Rxb2+ 29. Kxb2 hxg4 30. hxg4 Ne8 31. g5 Nf6 32. Nc3 Nh7 33. Ne4 Kc7 34. Rg3 Nf8 35. f6 exf6 36. Nxf6 Rg6 37. Re3 Rxg5 38. Re7+ Kb6 39. Rxf7 Ng6 40. Rd7 Ne5 41. Rxd6+ Kc7 42. Ne8+ Kb7 43. Kb3 Rg3+ 44. Ka4 1/2-1/2

[Event "Porto Alegre IRT U2200 1st"]
[Site "Porto Alegre"]
[Date "2016.04.10"]
[Round "4.15"]
[White "Da Silva, Anderson Batista Br"]
[Black "Dillenburg, Alberto Francisco"]
[Result "1-0"]
[WhiteElo "1800"]
[BlackElo "1677"]
[PlyCount "67"]
[EventDate "2016.04.09"]
[EventType "swiss"]
[EventRounds "5"]
[EventCountry "BRA"]
[SourceTitle "EXT 2022"]
[Source "ChessBase"]
[SourceDate "2021.10.06"]
[SourceVersion "1"]
[SourceVersionDate "2021.10.06"]
[SourceQuality "1"]

1. e4 e5 2. Nf3 Nc6 3. Bb5 a6 4. Ba4 Nf6 5. 0-0 b5 6. Bb3 Be7 7. Re1 0-0 8. c3 d6 9. h3 Na5 10. Bc2 c5 11. d4 cxd4 12. cxd4 Nc6 13. a3 Bb7 14. b4 Rc8 15. d5 Nb8 16. Nbd2 Nbd7 17. Nf1 Nb6 18. Ng3 Rc7 19. Nf5 Re8 20. Nxe7+ Rexe7 21. Bg5 Red7 22. Qe2 Qc8 23. Bd3 Nh5 24. Nxe5 dxe5 25. Qxh5 Rc3 26. Rac1 Rxc1 27. Bxc1 Qc3 28. Qe2 Rc7 29. Bb2 Qb3 30. Bxe5 Re7 31. Bd6 Re8 32. Bxb5 axb5 33. Qxb5 Rc8 34. Qxb6 1-0